David Livingstone : his labours and his legacy /

Bibliographic Details
Main Author: Brice, A. H. M. (Arthur Hallam Montefiore), 1859-1927
Format: Book
Language:English
Published: London : S.W. Partridge, [1889?]
Edition:2nd ed.
Subjects:

MARC

Tag First Indicator Second Indicator Subfields
LEADER 00000cam a2200000 a 4500
001 in00000018790
005 20151007054050.0
008 880719s1889 enka 00010 eng d
035 |a (OCoLC)18236368 
035 |9 AAB3865AM 
040 |a TXA  |c TXA  |d UtOrBLW 
049 |a TXAM  |c [A08400374] 
050 4 |a DT731.L8  |b B65 1889 
100 1 |a Brice, A. H. M.  |q (Arthur Hallam Montefiore),  |d 1859-1927. 
245 1 0 |a David Livingstone :  |b his labours and his legacy /  |c by Arthur Montefiore. 
250 |a 2nd ed. 
264 1 |a London :  |b S.W. Partridge,  |c [1889?] 
300 |a 160 pages :  |b illustrations ;  |c 20 cm. 
336 |a text  |b txt  |2 rdacontent 
337 |a unmediated  |b n  |2 rdamedia 
338 |a volume  |b nc  |2 rdacarrier 
600 1 0 |a Livingstone, David,  |d 1813-1873. 
999 |a MARS 
999 f f |s 2e28ae02-ffaf-3e35-a260-9aea5d665fb1  |i 240d44b9-197a-3a14-9a3d-59b0eab6a8be  |t 0 
952 f f |p ric  |a Texas A&M University  |b Rellis Campus  |c Joint Library Facility  |d Remote Storage  |t 0  |e DT731.L8 B65 1889  |h Library of Congress classification  |i unmediated -- volume  |m A14808400374 
998 f f |a DT731.L8 B65 1889  |t 0  |l Remote Storage